[Event "Budapest FS08 op"]
[White "Bat, Sodcetsen"]
[Black "Mayer, Istvan"]
[Site "Budapest"]
[Round "5"]
[Result "1-0"]
[Date "2024.08.07"]
[WhiteElo "1929"]
[BlackElo "1831"]
[PlyCount "89"]
[EventDate "2024.08.03"]
[EventType "swiss"]
[EventRounds "9"]
[EventCountry "HUN"]
[SourceTitle "EXT 2025"]
[Source "ChessBase"]
[SourceDate "2024.10.14"]
[SourceVersion "1"]
[SourceVersionDate "2024.10.14"]
[SourceQuality "1"]

1. e4 e6 2. d4 d5 3. Nc3 dxe4 4. Nxe4 Bd7 5. Nf3 Bc6 6. Bd3 Nd7 7. 0-0 Be7 8. c3 Ngf6 9. Qe2 0-0 10. Nxf6+ Bxf6 11. Bf4 g6 12. a4 a6 13. b4 Re8 14. Bg3 b6 15. Bxa6 Bxf3 16. gxf3 c5 17. dxc5 bxc5 18. Rac1 e5 19. Bb5 Re7 20. Rfd1 Qc7 21. a5 Nf8 22. Qe4 Rb8 23. Bf1 h5 24. h4 g5 25. Bd3 Kg7 26. hxg5 Bxg5 27. Ra1 Ng6 28. b5 h4 29. Bh2 Rd8 30. b6 Qb8 31. Qg4 Kh6 32. Bxg6 Kxg6 33. Rxd8 Qxd8 34. Qe4+ f5 35. Qc6+ Kh5 36. b7 Rg7 37. f4 Bxf4+ 38. Kh1 Bxh2 39. Kxh2 Qg5 40. Qe8+ Kh6 41. Qh8+ Rh7 42. Qf8+ Kh5 43. Qe8+ Kh6 44. Qe6+ Kh5 45. Qxe5 1-0

[Event "FRA Top 16 Higher Pool U16"]
[White "Samouelian, Solal"]
[Black "Bat, Sodcetsen"]
[Site "France"]
[Round "3.8"]
[Result "0-1"]
[Date "2022.06.05"]
[WhiteElo "1532"]
[BlackElo "1435"]
[PlyCount "130"]
[EventDate "2022.06.04"]
[EventType "tourn"]
[EventRounds "4"]
[EventCountry "FRA"]
[SourceTitle "EXT 2023"]
[Source "ChessBase"]
[SourceDate "2022.10.05"]
[SourceVersion "1"]
[SourceVersionDate "2022.10.05"]
[SourceQuality "1"]

1. e4 c5 2. Nf3 d6 3. d4 cxd4 4. Nxd4 Nf6 5. Nc3 a6 6. Be2 e5 7. Nb3 Be6 8. 0-0 Be7 9. Be3 0-0 10. Kh1 Nbd7 11. f4 b5 12. a3 Nb6 13. g4 Nc4 14. Bc1 Qb6 15. g5 Ne8 16. f5 Bd7 17. Bxc4 bxc4 18. Nd2 Rc8 19. Nd5 Qd8 20. Nxe7+ Qxe7 21. Qh5 g6 22. f6 Qe6 23. Qf3 Qg4 24. Qxg4 Bxg4 25. c3 a5 26. Rf2 a4 27. Nf1 Nc7 28. Ne3 Be6 29. Rd2 Rfd8 30. Nd5 Bxd5 31. exd5 Na6 32. Kg2 Nc5 33. Rd1 Nd3 34. Kf3 Rc5 35. Rxd3 cxd3 36. Ke4 Rb8 37. Ra2 Rbb5 38. Be3 Rc4+ 39. Kxd3 Rh4 40. c4 Rb3+ 41. Ke2 Rxh2+ 42. Bf2 e4 43. Ke1 Rg2 44. c5 dxc5 45. d6 Rd3 46. Bxc5 Rh3 47. Kf1 Rd2 48. Kg1 Rhd3 49. Ra1 e3 50. Rc1 Rd1+ 51. Rxd1 Rxd1+ 52. Kg2 e2 53. Bb4 e1Q 54. Bxe1 Rxe1 55. d7 Rd1 56. d8Q+ Rxd8 57. Kf3 Rb8 58. b4 axb3 59. Ke4 b2 60. Kd5 b1Q 61. Kd6 Qb5 62. a4 Rb6+ 63. Ke7 Qa6 64. Ke8 Rb7 65. Kd8 Qa8# 0-1